Rappeurs français par album - Statistiques

Statistiques générales
  • Ce quiz a été pris 596 fois
  • Le résultat moyen est 13 sur 20
Statistiques - réponses
Hint Réponse % Correct
Deux Frères PNL
94%
Jefe Ninho
92%
Autobahn SCH
84%
Mélo Tiakola
82%
Or Noir Kaaris
81%
Olyboy OBOY
79%
OCHO SDM
79%
COCO JOJO Guy2Bezbar
76%
Trône Booba
72%
Carré Werenoi
72%
QALF Damso
69%
Chambre 140 PLK
57%
KMT Gazo
55%
M.A.N Josman
51%
Stamina Dinos
50%
Sincèrement Hamza
45%
VENI VIDI VECI Lacrim
45%
Tombolo Kalash
44%
Antidote Shay
43%
Cœur Blanc Jul
40%
Aucun quiz correspondant
Distribution des résultats
% des personnes avec chaque résultat
Percentile par nombre de réponses
Votre historique - résultats
Vous n’avez pas pris ce quiz